000 00448nam a2200181Ia 4500
005 20240823032051.0
008 240823s9999||||xx |||||||||||||| ||und||
041 _aENGLISH
082 _A150.287 L5
100 _a"Hilgard,Ernest R et al."
245 0 _aIntroduction to Psycology
250 _a6 th
260 _c1975
_b"Oxford & IBH Pub.,New Delhi"
500 _aTRANSFERED
650 _aPsycology
_bGeneral
942 _cBK
999 _c192566
_d192566